| 000 | 01115nam2a22002651 4500 | ||
|---|---|---|---|
| 001 | rc\3569390 | ||
| 005 | 20250610073506.0 | ||
| 021 |
_aRU _b[70-29207] |
||
| 035 | _a(NLR Aleph) 007800032 | ||
| 090 |
_a7679981 _c7679981 |
||
| 100 | _a20130115d1970 |||y0rusy50 ca | ||
| 101 | 0 | _arus | |
| 102 | _aRU | ||
| 105 | _aa z ||||| | ||
| 200 | 1 | _aКорректное решение задачи Коши для нелинейного осциллятора | |
| 210 |
_d1970 _aБ. м. |
||
| 215 |
_a87 с. _cчерт. |
||
| 320 | _aБиблиогр.: с. 84-85 (15 назв.) | ||
| 461 | 0 |
_1001rc\3569389 _12001#$aК вопросу квантования нелинейных систем$e1-$v1 _1700#1$aПисаренко$bВ.Г.$gВалерий Георгиевич _97679978 _aПисаренко, В.Г. _cКиев _d1970- _eПрепринт _nБ. и. _o1- _tК вопросу квантования нелинейных систем _v1 |
|
| 606 |
_aКоши задача _xРешение (ч. 1) _2psbo |
||
| 801 | 0 |
_aRU _bNLR _gpsbo |
|
| 801 | 1 |
_aRU _bELAR _2rusmarc |
|
| 852 |
_aNLR _j70-4/5767 |
||
| 942 | _cBOOK | ||
| 980 | _aNB | ||